01441 2200205 4500001002100000005001500021035002000036008004100056245003300097100001100130250000600141260003800147300001200185084001400197082000800211650001000219520098200229990001201211990001201223INLIS00000000000095120240531081625 a0010-0524000186240531 1 ind 1 aMr. Right For Maya /cNakoja aNakoja a1 aYogyakarta :bSheila/ Andi,c2008 a142 hlm a813 NAK m a813 4aFiksi aSama sekali tak terpikirkan oleh Maya buat berniat menjadi roller coaster woman dengan kisah cinta, gairah dan petualangan kecilnya bersama para pria yang ditemuinya. Namun sayangnya, berualangkali pula ia salah menentukan pilihan dan kerap kali bertemu dengan pria dalam waktu dan tempat yang salah "...yang namanya Mr Right itu berkebalikan jauh sama dengan yang namanya Mr perfect. jika yang dicari adalah pria sempurnah bernama Mr Perfect, maka carilah di alam mimpi, dunia tanpa cacat yang selalu menawarkan keindahan. Namun jika yang dicari adalah pria tepat yang bernama Mr Right, maka siap-siaplah buat merasa sakit, kecewa, dan malu sekaligus..". Lantas siapakah Mr Right yang dicari itu? Si Ganteng Reno lelaki yang sejalan antara naluri dan intuisinya, Berto dokter muda yang simpatik, humoris dan mobil jaguarnya, ataukah yang mana lagi? Pastinya, menhabiskan hidup dengan seseorang itu pentng, tapi yang lebih penting lagi adalah dengan siapa kita menghabiskannya. a0741656 a0741657